10-群馬県の市町村クイズ(1999年) - Statistics

General Stats
  • This quiz has been taken 224 times
  • The average score is 41 of 70
Answers on the Map
Answers color-coded by a green-red scale on the quiz's map according to % correct below.
 
Answer Stats
Answer % Correct
片品かたしなむら
80%
草津くさつまち
78%
嬬恋つまごいむら
77%
上野うえのむら
76%
安中あんなか
75%
伊勢崎いせさき
75%
板倉いたくらまち
75%
太田おおた
75%
川場かわばむら
75%
水上みなかみまち
75%
桐生きりゅう
74%
館林たてばやし
74%
長野原ながのはらまち
74%
南牧なんもくむら
74%
邑楽おうらまち
73%
高崎たかさき
72%
中之条なかのじょうまち
72%
吾妻あがつままち
71%
大泉おおいずみまち
71%
下仁田しもにたまち
71%
高山たかやまむら
71%
沼田ぬまた
71%
前橋まえばし
71%
千代田ちよだまち
70%
甘楽かんらまち
69%
昭和しょうわむら
69%
榛東しんとうむら
69%
玉村たまむらまち
68%
藤岡ふじおか
68%
富岡とみおか
66%
榛名はるなまち
66%
しんまち
64%
六合くにむら
63%
明和めいわまち
63%
月夜野つきよのまち
62%
吉岡よしおかまち
61%
渋川しぶかわ
60%
あづまむら(吾妻郡)
59%
大間々おおまままち
58%
松井田まついだまち
58%
伊香保いかほまち
57%
鬼石おにしまち
55%
利根とねむら
55%
妙義みょうぎまち
54%
藪塚本やぶづかほんまち
52%
赤城あかぎむら
51%
あずまむら(勢多郡)
51%
黒保根くろほねむら
50%
新治にいはるむら
50%
大胡おおごまち
49%
あずまむら(佐波郡)
47%
群馬ぐんままち
47%
吉井よしいまち
46%
笠懸かさかけまち
45%
倉渕くらぶちむら
45%
尾島おじままち
44%
白沢しらさわむら
44%
富士見ふじみむら
44%
中里なかさとむら
41%
万場まんばまち
40%
赤堀あかぼりまち
39%
子持こもちむら
39%
さかいまち
39%
新里にいさとむら
39%
新田にったまち
39%
箕郷みさとまち
38%
小野上おのがみむら
37%
粕川かすかわむら
35%
北橘きたたちばなむら
33%
宮城みやぎむら
32%
No matching quizzes found
Score Distribution
Percent of People with Each Score
Percentile by Number Answered
Your Score History
You have not taken this quiz